Estadísticas para 15 principales países afectados por Covid19 - 17 mar 2021

Haz click aquí para intentar la prueba.

Estadísticas generales

  • Esta prueba ha sido intentada 9 veces
  • La puntuación promedio es 17 de 28

Estadísticas de respuestas

país% Correcto
Argentina
100%
España
100%
Rusia
100%
Alemania
89%
Brasil
89%
Estados Unidos
89%
Italia
89%
Reino Unido
89%
Francia
78%
India
78%
México
78%
Suecia
78%
Suiza
78%
Irán
67%
Polonia
67%
Portugal
67%
Turquía
67%
Colombia
56%
Bélgica
33%
Chequia
33%
Países Bajos
33%
Baréin
22%
Eslovenia
22%
Estonia
22%
Georgia
22%
Israel
22%
Lituania
22%
Panamá
22%

Distribución de puntuación

Porcentaje por número respondido

Porcentaje de gente con cada puntuación

Historial de tus puntuaciones

No has intentado esta prueba.